Interdisciplinárne vyučovanie histórie a literatúry v cudzích jazykoch na príklade španielskej histórie

Uložené v:
Podrobná bibliografia
Hlavný autor: Maarová, Iveta
Ďalší autori: Tužinská, Sofia, 1973-
Médium: Kapitola
Jazyk:Slovak
Tagy: Pridať tag
Žiadne tagy, Buďte prvý, kto otaguje tento záznam!

MARC

LEADER 00000naa$a2200000$$$4500
001 0247546
005 20240502083700.2
041 0 |a slo 
044 |a CZ 
245 1 0 |a Interdisciplinárne vyučovanie histórie a literatúry v cudzích jazykoch na príklade španielskej histórie  |c Iveta Maarová, Sofia Tužinská 
100 1 |a Maarová, Iveta 
700 1 |a Tužinská, Sofia, 1973-